000 00579nam a2200217Ia 4500
003 OSt
005 20220928135215.0
006 a|||||r|||| 00| 0
007 ta
008 220927b |||||||| |||| 00| 0 eng d
024 _a857
037 _cTextual
040 _aSDCL
_cSDCL
_beng
041 _2eng
_aeng
082 _aX:1, L3
100 _aMurry Barbara B Ed.
_9489511
245 0 _aConsumerism
_b The eternal triangle/ business, goverment and consumers
260 _c1973
942 _hX:1, L3
_cTEXL
_2CC
999 _c804799
_d804799